X500 /
-д хадгалсан:
| Үндсэн зохиолч: | |
|---|---|
| Бусад зохиолчид: | , , |
| Формат: | |
| Хэл сонгох: | испани |
| Нөхцлүүд: | |
| Шошгууд: |
Шошго байхгүй, Энэхүү баримтыг шошголох эхний хүн болох!
|
MARC
| LEADER | 00000ngm^a2200000^a^4500 | ||
|---|---|---|---|
| 001 | 000434777 | ||
| 005 | 20251020000000.0 | ||
| 008 | 211119 | ||
| 009 | 20260310123114.515 | ||
| 037 | |a Acervo ITESO - Biblioteca | ||
| 041 | |a ESP | ||
| 082 | |a Co 860. |b ARA | ||
| 100 | |a Arango, Juan Andrés |e (realización) | ||
| 245 | 1 | 0 | |a X500 / |c Realización de J.A. Arango. |
| 264 | 2 | |a México : |b Alfhaville Cinema [distribución], |c copyright fecha no identificada | |
| 300 | |a 1 DVD sin dato de región (104 min.) : |b color + |e 1 lámina | ||
| 336 | |a imagen móvil bidimensional |b tdi |2 rdacontenido | ||
| 337 | |a video |b v |2 rdamedio | ||
| 338 | |a videodisco |b vd |2 rdasoporte | ||
| 546 | |a En español, francés e inglés, con subtítulos opcionales: español | ||
| 649 | |a XX | ||
| 650 | |a Cineastas Colombianos | ||
| 650 | |a Cineastas Canadienses | ||
| 650 | |a Adolescentes en el Cine | ||
| 650 | |a Jóvenes en el Cine | ||
| 650 | |a Negros en Colombia - |x Condiciones Sociales y Culturales | ||
| 650 | |a Colombianos en EUA - |x Condiciones Sociales y Culturales | ||
| 650 | |a Filipinos en Canadá - |x Condiciones Sociales y Culturales | ||
| 650 | |a Minimalismo en el Cine | ||
| 650 | |a Dramas Cinematográficos | ||
| 650 | |a Cine Social y Político | ||
| 650 | |a Cine Colombiano - |y 2010-2019 | ||
| 650 | |a Cine Colombiano - |y Siglo XXI | ||
| 650 | |a Soledad | ||
| 650 | |a Violencia | ||
| 650 | |a Identidad Cultural | ||
| 650 | |a Repatriación - |z Colombia | ||
| 650 | |a Migración Rural-Urbana - |z México | ||
| 650 | |a Migración - |z Filipinas-Canadá | ||
| 650 | |a Migración - |z EUA-Colombia | ||
| 650 | |a Migración | ||
| 650 | |a Problemas Sociales - |z México | ||
| 650 | |a Problemas Sociales - |z Colombia | ||
| 650 | |a Montreal, Canadá en el Cine | ||
| 650 | |a Buenaventura, Colombia en el Cine | ||
| 650 | |a México (Ciudad) en el Cine | ||
| 700 | |a Almazán, Jembie |e (actuación) | ||
| 700 | |a Garnica Cruz, Bernardo |e (actuación) | ||
| 700 | |a Díaz Angulo, Jonathan |e (actuación) | ||
| 910 | |a Fondo General | ||
| 920 | |a Audiovisuales - DVDs | ||
| 940 | |a Películas | ||
| 905 | |a 302 | ||
| 901 | |a 0500351945 |b IT2 |c DVS |i C173088 |u 20250521 | ||
| 901 | |a 0500351946 |b IT2 |c MIN |i C173089 |u 20251020 | ||
| 902 | |a https://opac.biblio.iteso.mx/vufind/Record/000434777 | ||